000 00564nam a2200193 a 4500
001 2610
003 CO-ViMGA
008 141112s2004 ck r 000 u spa d
040 _aCO-ViMGA
_bspa
_cCO-ViMGA
082 0 4 _a657.45 B871
100 1 _aBurbano Ruiz, Jorge
_951608
245 1 0 _aAuditoria de personal :
_bherramienta de desarrollo control y evaluación de los seres humanos en la empresa
250 _a2a
260 _aSantafé de Bogotá :
_bEcoe,
_c1995
300 _a134 p
490 _aTextos universitarios
650 1 4 _aAUDITORIA
942 _2ddc
_cBK
999 _c14685
_d14685